<?xml version="1.0" encoding="UTF-8"?>
<record
    xmlns:xsi="http://www.w3.org/2001/XMLSchema-instance"
    xsi:schemaLocation="http://www.loc.gov/MARC21/slim http://www.loc.gov/standards/marcxml/schema/MARC21slim.xsd"
    xmlns="http://www.loc.gov/MARC21/slim">

  <leader>00662nam a2200169 a 4500</leader>
  <controlfield tag="008">201202s2019    ||||||||||||||||| ||    u</controlfield>
  <datafield tag="020" ind1=" " ind2=" ">
    <subfield code="a">9781335008497</subfield>
  </datafield>
  <datafield tag="050" ind1=" " ind2=" ">
    <subfield code="a">PZ 7.D359</subfield>
  </datafield>
  <datafield tag="100" ind1=" " ind2=" ">
    <subfield code="a">Davis, Dana L</subfield>
  </datafield>
  <datafield tag="245" ind1="1" ind2="4">
    <subfield code="a">The voice in my head</subfield>
    <subfield code="c">By Dana L. Davis</subfield>
  </datafield>
  <datafield tag="260" ind1=" " ind2=" ">
    <subfield code="a">Ontario</subfield>
    <subfield code="b">ink yard press</subfield>
    <subfield code="c">2019</subfield>
  </datafield>
  <datafield tag="300" ind1=" " ind2=" ">
    <subfield code="a">308 pages</subfield>
  </datafield>
  <datafield tag="350" ind1=" " ind2=" ">
    <subfield code="a">15.03</subfield>
  </datafield>
  <datafield tag="650" ind1=" " ind2=" ">
    <subfield code="a">ENGLISH LANGUAGE</subfield>
  </datafield>
  <datafield tag="995" ind1=" " ind2=" ">
    <subfield code="F">CBU-MAIN LIBRARY (Kitwe)</subfield>
    <subfield code="I">15.03</subfield>
    <subfield code="M">1</subfield>
    <subfield code="U">AVAILABLE</subfield>
    <subfield code="W">Dec 11, 2020</subfield>
    <subfield code="Z">Fiction Collection</subfield>
  </datafield>
  <datafield tag="995" ind1=" " ind2=" ">
    <subfield code="F">CBU-MAIN LIBRARY (Kitwe)</subfield>
    <subfield code="I">15.03</subfield>
    <subfield code="M">2</subfield>
    <subfield code="U">AVAILABLE</subfield>
    <subfield code="W">Dec 11, 2020</subfield>
    <subfield code="Z">Fiction Collection</subfield>
  </datafield>
  <datafield tag="999" ind1=" " ind2=" ">
    <subfield code="c">78378</subfield>
    <subfield code="d">78378</subfield>
  </datafield>
  <datafield tag="952" ind1=" " ind2=" ">
    <subfield code="0">0</subfield>
    <subfield code="1">0</subfield>
    <subfield code="2">lcc</subfield>
    <subfield code="4">0</subfield>
    <subfield code="7">0</subfield>
    <subfield code="a">001</subfield>
    <subfield code="b">001</subfield>
    <subfield code="c">Fiction Collection</subfield>
    <subfield code="d">2023-05-16</subfield>
    <subfield code="l">2</subfield>
    <subfield code="o">PZ 7.D359</subfield>
    <subfield code="p">750517</subfield>
    <subfield code="q">2025-07-05</subfield>
    <subfield code="r">2025-06-19</subfield>
    <subfield code="s">2025-06-19</subfield>
    <subfield code="t">1</subfield>
    <subfield code="w">2023-05-16</subfield>
    <subfield code="y">022</subfield>
  </datafield>
  <datafield tag="952" ind1=" " ind2=" ">
    <subfield code="0">0</subfield>
    <subfield code="1">0</subfield>
    <subfield code="2">lcc</subfield>
    <subfield code="4">0</subfield>
    <subfield code="7">0</subfield>
    <subfield code="a">001</subfield>
    <subfield code="b">001</subfield>
    <subfield code="c">Fiction Collection</subfield>
    <subfield code="d">2023-05-16</subfield>
    <subfield code="l">1</subfield>
    <subfield code="o">PZ 7.D359</subfield>
    <subfield code="p">750518</subfield>
    <subfield code="r">2025-11-28</subfield>
    <subfield code="s">2025-09-02</subfield>
    <subfield code="t">2</subfield>
    <subfield code="w">2023-05-16</subfield>
    <subfield code="y">022</subfield>
  </datafield>
</record>
